Score 0/20 Timer 03:00
2 Plays Today
Literary Work Missing Word % Correct
Harry _______ and the Goblet of FirePotter
96.1%
The _______ in the RyeCatcher
94.2%
The Adventures of Tom _______Sawyer
91.9%
Death of a _________Salesman
88.9%
The Three ___________Musketeers
88.1%
Tinker, Tailor, Soldier, ____Spy
83.8%
Memoirs of a _______Geisha
82.4%
The Island of ________ MoreauDoctor
81%
The ________ Always Rings TwicePostman
78.6%
The French ___________'s WomanLieutenant
62.1%
Literary Work Missing Word % Correct
Portrait of the ________ as a Young ManArtist
61.6%
The _________'s TaleHandmaid
56.8%
The Heart is a Lonely _______Hunter
52.7%
The ______ of CasterbridgeMayor
50.4%
The _______ of WakefieldVicar
31.2%
Death Comes for the __________Archbishop
25.1%
Bartleby, the _________Scrivener
23.2%
The Secret ______Agent
16.1%
The Master _______Builder
14.2%
Requiem for a ____Nun
7.7%

Today's Daily Dose

Remove Ads.
Support Sporcle.
Get the best of Sporcle when you Go Orange. This ad-free experience offers more features, more stats, and more fun while also helping to support Sporcle. Thank you for becoming a member.

You're not logged in!

Compare scores with friends on all Sporcle quizzes.
OR
Log In

Show Comments

Extras

Top Quizzes Today


Score Distribution

Your Account Isn't Verified!

In order to create a playlist on Sporcle, you need to verify the email address you used during registration. Go to your Sporcle Settings to finish the process.

Report this User

Report this user for behavior that violates our Community Guidelines.

Details: